Statistics for Caribbean Island Countries

Click here to take the quiz!

General Stats

  • This quiz has been taken 34 times
  • The average score is 11 of 13

Answer Stats

Countries % Correct
Haiti
96%
Saint Lucia
96%
Cuba
92%
Dominican Republic
92%
Barbados
92%
Antigua and Barbuda
92%
Dominica
92%
Saint Kitts and Nevis
92%
Jamaica
88%
Grenada
88%
Trinidad and Tobago
85%
Bahamas
85%
Saint Vincent and the Grenadines
50%

Score Distribution

Percentile by Number Answered

Percent of People with Each Score

Your Score History

You have not taken this quiz